Comportamiento organizacional
Salvato in:
| Autori principali: | , |
|---|---|
| Natura: | Libro |
| Lingua: | spagnolo |
| Pubblicazione: |
Ciudad de México
Thomson
2004
|
| Edizione: | 10a. ed |
| Soggetti: | |
| Tags: |
Aggiungi Tag
Nessun Tag, puoi essere il primo ad aggiungerne!!
|
MARC
| LEADER | 00000nam a2200000 a 4500 | ||
|---|---|---|---|
| 001 | UCI1819 | ||
| 003 | CL-VaPUC | ||
| 005 | 20241121114325.0 | ||
| 008 | 070720e20040000MX |||||||||||||||||spa|d | ||
| 999 | |c 326552 |d 326550 | ||
| 020 | |a 9706863672 | ||
| 040 | |c Pontificia Universidad Católica de Valparaíso | ||
| 082 | 0 | 4 | |a 658.3 |b HEL |2 21 |
| 100 | |a Hellriegel, Don |e author |9 598325 | ||
| 245 | 1 | 0 | |a Comportamiento organizacional |
| 250 | |a 10a. ed | ||
| 260 | |a Ciudad de México |b Thomson |c 2004 | ||
| 300 | |a 460 p | ||
| 583 | |a last modification |c 20070720 00:00:00 |k Rodrigo Vera | ||
| 650 | 0 | |a Organizaciones |9 893167 |x Conducta | |
| 650 | 0 | |a Comunicación en las organizaciones |2 CL-VaPUC |9 893098 | |
| 650 | 0 | |a Toma de decisiones |9 257530 | |
| 650 | 0 | |a Liderazgo |9 271835 | |
| 700 | 0 | |a Slocum, John W |e author |9 522568 | |
| 942 | |c BK |2 ddc | ||
| 945 | |d 20070720 00:00:00 |a rbrito | ||
| 952 | |0 0 |1 0 |4 0 |6 658_300000000000000_HEL_2004 |7 0 |8 R |9 408484 |a BIBENE |b BIBENE |d 2019-11-22 |i 4354958 |o 658.3 HEL 2004 |p 4354958 |r 2025-01-15 |w 2019-11-22 |y BK_R |k ICO | ||